000 00836cam a22002893a 4500
001 4517
003 PGUSA
005 20140828083057.0
008 031001s2003||||xxu|||||s|||||000 1 eng d
040 _aPGUSA
_beng
042 _adc
050 4 _aPS
100 1 _aWharton, Edith,
_d1862-1937
245 1 0 _aEthan Frome
_h[electronic resource] /
_cEdith Wharton
260 _bProject Gutenberg,
_c2003
506 _aPublic domain in the USA.
516 _aElectronic text
653 _aAccident victims -- Fiction
653 _aTriangles (Interpersonal relations) -- Fiction
653 _aDomestic fiction
653 _aMarried people -- Fiction
653 _aNew England -- Fiction
653 _aRural poor -- Fiction
830 0 _aProject Gutenberg
_v4517
856 4 0 _uhttp://www.gutenberg.org/ebooks/4517
942 _cEB
999 _c233846
_d233846